| 000 | 00641nam a2200193Ii 4500 | ||
|---|---|---|---|
| 003 | JO-AjNU | ||
| 008 | 230605s9999||||xx |||||||||||||| ||und|| | ||
| 040 |
_aJO-AjNU _bara _erda _cJO-AjNU |
||
| 041 | _aara | ||
| 050 | 1 | 4 | _aQC798.A3421 1982 |
| 100 | 3 |
_aفاليه.د.ش, _eauthor _96965 |
|
| 245 | 0 | 0 | _aالنظائر المشعة وبرنامج الاشعاع للدول العربيه |
| 264 | 3 | 1 | _aطرابلس: د.ن ، 1980 |
| 300 | _a236ص | ||
| 336 |
_atext _btxt _2rdacontent |
||
| 337 |
_aunmediated _bn _2rdamedia |
||
| 338 |
_avolume _bnc _2rdacarrier |
||
| 650 | 4 |
_aالنظائر المشعه -الهندسة النووية _96966 |
|
| 999 |
_aA40 _c3608 _d3608 |
||